مكتبة جامعة عجلون الوطنية

فهرس بحث المكتبة

علم المكتبات والمعلومات : دراسات في المؤسسات والاعلام والانتاج الفكري (Record no. 12576)

MARC details
000 -LEADER
fixed length control field 00876nam a2200229Ii 4500
003 - CONTROL NUMBER IDENTIFIER
control field JO-AjNU
008 - FIXED-LENGTH DATA ELEMENTS--GENERAL INFORMATION
fixed length control field 230605s9999||||xx |||||||||||||| ||und||
017 ## - COPYRIGHT OR LEGAL DEPOSIT NUMBER
Copyright or legal deposit number 96/11416
040 ## - CATALOGING SOURCE
Original cataloging agency JO-AjNU
Language of cataloging ara
Description conventions rda
Transcribing agency JO-AjNU
041 ## - LANGUAGE CODE
Language code of text/sound track or separate title ara
050 14 - LIBRARY OF CONGRESS CALL NUMBER
Classification number Z710.M8334 1996
100 3# - MAIN ENTRY--PERSONAL NAME
Personal name عبدالهادي، محمد فتحي ,
Relator term author
9 (RLIN) 24455
245 00 - TITLE STATEMENT
Title علم المكتبات والمعلومات : دراسات في المؤسسات والاعلام والانتاج الفكري
250 ## - EDITION STATEMENT
Edition statement ط1
264 31 - PRODUCTION, PUBLICATION, DISTRIBUTION, MANUFACTURE, AND COPYRIGHT NOTICE
Place of production, publication, distribution, manufacture القاهرة: مكتبة الدار العربية للكتاب، 1996
300 ## - PHYSICAL DESCRIPTION
Extent 270ص
336 ## - CONTENT TYPE
Content type term text
Content type code txt
Source rdacontent
337 ## - MEDIA TYPE
Media type term unmediated
Media type code n
Source rdamedia
338 ## - CARRIER TYPE
Carrier type term volume
Carrier type code nc
Source rdacarrier
490 0# - SERIES STATEMENT
Series statement دراسات في علم المكتبات والمعلومات 2
650 #4 - SUBJECT ADDED ENTRY--TOPICAL TERM
Topical term or geographic name entry element علم المكتبات-علم المعلومات
9 (RLIN) 24456
Holdings
Withdrawn status Lost status Source of classification or shelving scheme Damaged status Not for loan Home library Current library Shelving location Date acquired Total Checkouts Full call number Barcode Date last seen Price effective from Koha item type
    Library of Congress Classification     مكتبة جامعة عجلون الوطنية مكتبة جامعة عجلون الوطنية المجموعات العامة 06/06/2023   Z710.M8334 1996 A9008 06/06/2023 06/06/2023 Books